Văn hóa ẩm thực của người Dao Tuyển ở Lào Cai
Ẩm thực của người Dao Tuyển ở Lào Cai. Tập quán trong ăn uống của người Dao Tuyển ở Lào Cai.
Guardat en:
| Autor principal: | |
|---|---|
| Format: | Llibre |
| Idioma: | Vietnamese |
| Publicat: |
H.
Nxb. Mỹ thuật
2016
|
| Matèries: | |
| Etiquetes: |
Afegir etiqueta
Sense etiquetes, Sigues el primer a etiquetar aquest registre!
|
| Thư viện lưu trữ: | Mạng thư viện Đại học Đà Nẵng |
|---|
| LEADER | 01557nam a2200361 4500 | ||
|---|---|---|---|
| 001 | 000024907 | ||
| 003 | 21398 | ||
| 005 | 20170323160353.0 | ||
| 008 | 170321s2016 viesd | ||
| 041 | 0 | |a vie | |
| 082 | 1 | 4 | |a 394.1209597167 |b CH-L |
| 100 | 1 | |a Chảo Văn Lâm | |
| 245 | 1 | 0 | |a Văn hóa ẩm thực của người Dao Tuyển ở Lào Cai |c Chảo Văn Lâm |
| 260 | |a H. |b Nxb. Mỹ thuật |c 2016 | ||
| 300 | |a 183 tr. |b hình ảnh |c 21 cm. | ||
| 500 | |a ĐTTS ghi: Hội văn nghệ dân gian Việt Nam | ||
| 520 | 3 | |a Ẩm thực của người Dao Tuyển ở Lào Cai. Tập quán trong ăn uống của người Dao Tuyển ở Lào Cai. | |
| 650 | 0 | 4 | |a Văn hóa ẩm thực |x Nghiên cứu |x Người Dao Tuyển |z Việt Nam (Lào Cai) |
| 653 | |a Văn hóa ẩm thực | ||
| 653 | |a Ngườ Dao Tuyển | ||
| 653 | |a Lào Cai | ||
| OWN | |a LSP | ||
| AVA | |a UDN50 |b LNN |d 895.922 LE-N |e available |t Error 5001 Not defined in file expand_doc_bib_avail. |f 1 |g 0 |h N |i 0 | ||
| AVA | |a UDN50 |b LSP |d 394.1209597167 CH-L |e available |t Error 5001 Not defined in file expand_doc_bib_avail. |f 1 |g 0 |h N |i 0 |k 1 | ||
| 999 | |a From the UDN01 | ||
| AVA | |a UDN50 |b LNN |d 895.922 LE-N |e available |t Error 5001 Not defined in file expand_doc_bib_avail. |f 1 |g 0 |h N |i 0 | ||
| AVA | |a UDN50 |b LSP |d 394.1209597167 CH-L |e available |t Error 5001 Not defined in file expand_doc_bib_avail. |f 1 |g 0 |h N |i 0 |k 1 | ||
| TYP | |a Monograph | ||
| TYP | |a Printed language | ||
| 980 | |a Mạng thư viện Đại học Đà Nẵng | ||